| 000 | 00719nam a2200241 a 4500 | ||
|---|---|---|---|
| 001 | 00000512 | ||
| 008 | 110328s1987 ii a g 000 0 eng d | ||
| 040 |
_aBD-DhIUB _cBD-DhIUB |
||
| 082 | 0 | 4 |
_a005.3 _219 |
| 100 | 1 | _aChabris, Christopher F | |
| 245 | 0 | 0 |
_aArtificial intelligence and turbo pascal / _cChristopher F Chabris |
| 250 | _a1st ed. | ||
| 260 |
_aNew Delhi : _bGalgotia Publicatons, _c1987. |
||
| 300 |
_a(14), 314 p. : _bill. |
||
| 504 | _aBibliography : p. 227-265 | ||
| 520 | 0 | _aComputer Science | |
| 556 | _a1993-11-22 | ||
| 650 | 1 | 7 |
_aArtificial intelligence _2Spines |
| 650 | 1 | 7 |
_aComputer programming _2Spines |
| 653 | 0 | 0 | _aTurbo Pascal |
| 999 |
_c10381 _d10381 |
||
| 526 | _bcse | ||